000 00352nam a2200133Ia 4500
008 240624s9999 xx 000 0 und d
041 _aeng
082 _a332.6 CHA
100 _aCHANDRA PRASANNA
245 _aINVESTMENT ANALYSIS AND PORTFOLIO MANAGE
250 _a(5th ed.)
260 _c2018
_aNew Delhi
_bMcGraw-Hill
300 _axxv, 758 p.; 23 cm.
999 _c31792
_d31792